Pre-2000's Bands - Sudden Death - Statistics

General Stats
  • This quiz has been taken 78 times
  • The average score is 10 of 20
Answers on the Grid
Answers color-coded by a green-red scale on the quiz's grid according to % correct below.
Limp Bizkit
Blink-182
All Time Low
Nickelback
Daft Punk
Panic! At the Disco
NSYNC
Korn
Backstreet Boys
Spice Girls
The Killers
Radiohead
System of a Down
MGMT
Red Hot Chili Peppers
No Doubt
Green Day
Slipknot
Fall Out Boy
Foo Fighters
Paramore
Arctic Monkeys
Weezer
My Chemical Romance
The White Stripes
Imagine Dragons
Matchbox Twenty
Black Eyed Peas
OneRepublic
Goo Goo Dolls
 
Answer Stats
Answer % Correct
Blink-182
71%
Green Day
71%
Radiohead
69%
Red Hot Chili Peppers
69%
Backstreet Boys
65%
Limp Bizkit
63%
Spice Girls
63%
Foo Fighters
60%
Korn
60%
NSYNC
54%
No Doubt
52%
System of a Down
48%
Weezer
48%
Daft Punk
46%
Nickelback
40%
Goo Goo Dolls
35%
Slipknot
35%
Black Eyed Peas
29%
Matchbox Twenty
25%
The White Stripes
25%
No matching quizzes found
Score Distribution
Percent of People with Each Score
Percentile by Number Answered
Your Score History
You have not taken this quiz